000 00325nam a2200121Ia 4500
008 190216s9999||||xx |||||||||||||| ||und||
100 _aPublication Division Author
245 0 _aRehearsals(An Anthology Of One-Act Plays)
260 _bUniversity Of Calicut
_c1994
300 _a125p
650 _aEnglish Drama
942 _cBK
999 _c13826
_d13826